000 00311nam a22001337a 4500
008 170616b xxu||||| |||| 00| 0 eng d
020 _a9780872899520
041 _aeng
080 _23RD
_a32
100 _a20
101 _aSHP
245 _aA PRACTICAL GUIDE FOR POLICY ANALYSIS
_cBARDACH,E
942 _2udc
_cBK
999 _c17676
_d17676